Gibt es diesen "Drei ???"-Titel wirklich? - Sudden Death (Version 4) - Statistiken

Allgemein
  • Dieses Quiz wurde 94 mal gespielt
  • Das Durchschnittsergebnis liegt bei 7 aus 12
Answers on the Grid
Answers color-coded by a green-red scale on the quiz's grid according to % correct below.
Und die schwarze Katze
Und der unheimliche Drache
Und der seltsame Wecker
Und der Ameisenmensch
Und der weinende Sarg
Fußball-Gangster
Poltergeist
Die sieben Tore
Der tote Mönch
Und die brennende Stadt
Im Haus des Henkers
Schrecken aus der Tiefe
Botschaft aus der Dunkelheit
Und die Poker-Falle
Schloss des Schreckens
Codename: Norris
Ufos über Rocky-Beach
Und die Bombennacht
Und der ermordete Schatten
Und der Super-Pinguin
 
Antwortstatistiken
Antwort % Korrekt
Und der seltsame Wecker
72%
Und der Ameisenmensch
66%
Poltergeist
64%
Und die schwarze Katze
62%
Der tote Mönch
60%
Fußball-Gangster
56%
Die sieben Tore
54%
Und der weinende Sarg
54%
Und die brennende Stadt
54%
Im Haus des Henkers
50%
Schrecken aus der Tiefe
50%
Und der unheimliche Drache
40%
Keine übereinstimmenden Quizze gefunden
Verteilung der Resultate
Anzahl Personen mit jedem Resultat
Perzentil nach korrekt beantworteten Fragen
Ihre Resultats-Entwicklung
Sie haben dieses Quiz noch nicht gespielt